[Event "CYCC U14"]
[Site "Quebec CAN"]
[Date "2008.07.15"]
[Round "4"]
[White "Li, Ruokai (David)"]
[Black "Parker, Dylan"]
[Result "1-0"]
[WhiteElo "1767"]
[BlackElo "1512"]
[PlyCount "57"]
[GameId "2160767910354185"]
[EventDate "2008.07.14"]
[EventType "swiss"]
[EventRounds "7"]
[EventCountry "CAN"]

1. e4 e5 2. Nf3 Nc6 3. Bb5 a6 4. Ba4 d6 5. O-O Nf6 6. Re1 Be7 7. c3 b5 8. Bc2 Bg4 9. d3 O-O 10. Nbd2 Re8 11. Nf1 d5 12. h3 dxe4 13. hxg4 exf3 14. Qxf3 Qd7 15. Ne3 Rad8 16. g5 Nd5 17. Bb3 Nf4 18. d4 Bxg5 19. Ng4 e4 20. Qg3 Nh5 21. Qh3 Bxc1 22. Qxh5 Bxb2 23. Qg5 Qe7 24. Nh6+ Kf8 25. Qh5 gxh6 26. Qxh6+ Kg8 27. Re3 Qf8 28. Rg3+ Kh8 29. Qf6+ 1-0

[Event "CYCC U14"]
[Site "Quebec CAN"]
[Date "2008.07.15"]
[Round "4"]
[White "Sapozhnikov, Roman"]
[Black "Prysiazny, Michael"]
[Result "1-0"]
[WhiteElo "2180"]
[BlackElo "1719"]
[PlyCount "65"]
[GameId "2160767910354186"]
[EventDate "2008.07.14"]
[EventType "swiss"]
[EventRounds "7"]
[EventCountry "CAN"]
[SourceTitle "EXT 2011"]
[Source "ChessBase"]
[SourceDate "2011.11.26"]
[SourceVersion "1"]
[SourceVersionDate "2011.11.26"]
[SourceQuality "1"]

1. Nf3 Nf6 2. b3 g6 3. Bb2 Bg7 4. e4 d6 5. d3 c5 6. Nbd2 Nc6 7. g3 e5 8. Bg2 h6 9. O-O Bg4 10. h3 Be6 11. c3 Qd7 12. Kh2 g5 13. Nc4 g4 14. hxg4 Bxg4 15. Ne3 h5 16. Nxg4 hxg4+ 17. Nh4 Ng8 18. Kg1 O-O-O 19. Nf5 Qe6 20. Qxg4 Nh6 21. Nxh6 Bxh6 22. Qxe6+ fxe6 23. Bf3 b5 24. Bc1 b4 25. c4 Bxc1 26. Raxc1 Nd4 27. Kg2 Rdf8 28. Bg4 Rfg8 29. f3 Rg6 30. Rh1 Rf8 31. Rh7 Nc6 32. Rch1 Rgf6 33. R1h6 1-0

[Event "CYCC U14"]
[Site "Quebec CAN"]
[Date "2008.07.15"]
[Round "4"]
[White "Wang, Jerry ZS"]
[Black "Michaelis, Nathaniel"]
[Result "1-0"]
[WhiteElo "1874"]
[BlackElo "1471"]
[PlyCount "35"]
[GameId "2160767910354187"]
[EventDate "2008.07.14"]
[EventType "swiss"]
[EventRounds "7"]
[EventCountry "CAN"]
[SourceTitle "EXT 2011"]
[Source "ChessBase"]
[SourceDate "2011.11.26"]
[SourceVersion "1"]
[SourceVersionDate "2011.11.26"]
[SourceQuality "1"]

1. e4 c5 2. Nf3 Nc6 3. d4 cxd4 4. Nxd4 Nf6 5. Nc3 e5 6. Ndb5 d6 7. Bg5 a6 8. Na3 b5 9. Bxf6 Qxf6 10. Nd5 Qh4 11. Nc7+ Kd8 12. Nxa8 Qxe4+ 13. Qe2 Qb4+ 14. c3 Qa5 15. Qe3 b4 16. Nc4 Qd5 17. Qb6+ Ke8 18. Nc7+ 1-0

[Event "CYCC U14"]
[Site "Quebec CAN"]
[Date "2008.07.15"]
[Round "4"]
[White "Wang, Jesse BJ"]
[Black "Nadeau, Emmanuel"]
[Result "0-1"]
[WhiteElo "1960"]
[BlackElo "1757"]
[PlyCount "82"]
[GameId "2160767910354188"]
[EventDate "2008.07.14"]
[EventType "swiss"]
[EventRounds "7"]
[EventCountry "CAN"]

1. e4 c5 2. Nc3 e6 3. Nf3 a6 4. d4 cxd4 5. Nxd4 b5 6. Bd3 d6 7. O-O Nf6 8. Bg5 Be7 9. a4 b4 10. Na2 a5 11. c3 bxc3 12. Nxc3 O-O 13. Rc1 Bb7 14. Be3 Na6 15. f3 Qd7 16. Bb5 Qd8 17. Qe2 Nb4 18. Nc2 Nxc2 19. Rxc2 d5 20. exd5 Nxd5 21. Nxd5 Bxd5 22. Rfc1 Bd6 23. Qf2 Qb8 24. f4 Qb7 25. Bc6 Bxc6 26. Rxc6 Bb4 27. Qg3 Rfd8 28. f5 exf5 29. Qf4 Ra6 30. R6c4 Qd7 31. Bd4 Rd6 32. Rd1 Qe6 33. b3 h6 34. h4 Qe2 35. Rf1 Qd3 36. Be5 Rd5 37. Qxf5 Qe3+ 38. Kh1 Qxe5 39. Qxf7+ Kh8 40. Rg4 Bd6 41. Rff4 Rd1+ 0-1

[Event "CYCC U14"]
[Site "Quebec CAN"]
[Date "2008.07.15"]
[Round "4"]
[White "Xiong, Jerry"]
[Black "Kieu, Marc-Andre"]
[Result "1/2-1/2"]
[WhiteElo "2205"]
[BlackElo "1524"]
[PlyCount "107"]
[GameId "2160767910354189"]
[EventDate "2008.07.14"]
[EventType "swiss"]
[EventRounds "7"]
[EventCountry "CAN"]
[SourceTitle "EXT 2011"]
[Source "ChessBase"]
[SourceDate "2011.11.26"]
[SourceVersion "1"]
[SourceVersionDate "2011.11.26"]
[SourceQuality "1"]

1. e4 e5 2. Nf3 Nc6 3. Bc4 Be7 4. O-O Nf6 5. d3 d6 6. h3 Be6 7. Nc3 O-O 8. Bg5 Na5 9. Qe2 Nxc4 10. dxc4 h6 11. Bxf6 Bxf6 12. Rad1 Qe8 13. b3 Bd8 14. Rfe1 f5 15. exf5 Bxf5 16. c5 Qg6 17. Kh1 Kh8 18. cxd6 cxd6 19. Ne4 Be7 20. c4 b6 21. Ng3 Bc8 22. Qe4 Qxe4 23. Nxe4 Bb7 24. Nxd6 Bxd6 25. Rxd6 e4 26. Ne5 Rxf2 27. Rd7 Rb8 28. Re3 Ba8 29. Rxa7 Re8 30. Ng6+ Kg8 31. Ne7+ Kh7 32. Nd5 Bxd5 33. cxd5 Rd2 34. Ra4 Rxd5 35. Raxe4 Ra8 36. a4 b5 37. Re8 Ra5 38. R8e5 bxa4 39. Rxd5 Rxd5 40. bxa4 Rd1+ 41. Kh2 Ra1 42. Re4 Ra3 43. h4 Kg6 44. Rf4 Kh5 45. g3 g5 46. hxg5 hxg5 47. Rc4 g4 48. Rc5+ Kg6 49. Ra5 Ra2+ 50. Kg1 Ra1+ 51. Kf2 Ra3 52. Ra8 Kf5 53. a5 Ke4 54. Re8+ 1/2-1/2

[Event "CYCC U14"]
[Site "Quebec CAN"]
[Date "2008.07.15"]
[Round "4"]
[White "Zhang, David"]
[Black "Dawson, Michael"]
[Result "1-0"]
[WhiteElo "1811"]
[BlackElo "1596"]
[PlyCount "129"]
[GameId "2160767910354190"]
[EventDate "2008.07.14"]
[EventType "swiss"]
[EventRounds "7"]
[EventCountry "CAN"]
[SourceTitle "EXT 2011"]
[Source "ChessBase"]
[SourceDate "2011.11.26"]
[SourceVersion "1"]
[SourceVersionDate "2011.11.26"]
[SourceQuality "1"]

1. e4 e6 2. d4 d5 3. e5 c5 4. c3 Nc6 5. Nf3 Qb6 6. Bd3 Bd7 7. Be2 cxd4 8. cxd4 Bb4+ 9. Kf1 h6 10. Nc3 Nge7 11. a3 Bxc3 12. bxc3 Na5 13. Bd3 Bb5 14. Qe2 Bxd3 15. Qxd3 Nb3 16. Rb1 Nxc1 17. Rxc1 O-O 18. Rb1 Qc7 19. g3 Rac8 20. Kg2 a6 21. Rhc1 Nc6 22. Nd2 Rb8 23. c4 Qd7 24. c5 Qe7 25. f4 f6 26. Nf3 fxe5 27. Nxe5 Nxe5 28. fxe5 Qf7 29. Rf1 Qc7 30. Qg6 Rxf1 31. Rxf1 Qe7 32. Rf6 Re8 33. g4 Qd7 34. h4 Re7 35. g5 hxg5 36. Qxg5 Rf7 37. Qg6 Re7 38. h5 Qe8 39. Qg4 Kh7 40. Rg6 Qf7 41. Rg5 Rd7 42. Rg6 Re7 43. Qh3 Re8 44. Qd3 Kh8 45. h6 gxh6 46. Rxh6+ Kg8 47. Qg3+ Qg7 48. Rg6 Re7 49. Kf3 Rf7+ 50. Ke2 Kf8 51. Rxg7 Rxg7 52. Qf4+ Ke8 53. Qf6 Re7 54. Kd3 Kd7 55. Kc3 Kd8 56. Qf8+ Kd7 57. Qb8 a5 58. Qxb7+ Ke8 59. c6 a4 60. c7 Kf7 61. c8=Q Kg6 62. Qg8+ Kf5 63. Qxe7 Kf4 64. Kd3 Kf5 65. Qf6# 1-0

[Event "CYCC U14"]
[Site "Quebec CAN"]
[Date "2008.07.16"]
[Round "5"]
[White "Cote-Lalumiere, Tristan"]
[Black "Wang, Jerry ZS"]
[Result "1-0"]
[WhiteElo "1724"]
[BlackElo "1874"]
[PlyCount "55"]
[GameId "2160767910354192"]
[EventDate "2008.07.14"]
[EventType "swiss"]
[EventRounds "7"]
[EventCountry "CAN"]
[SourceTitle "EXT 2011"]
[Source "ChessBase"]
[SourceDate "2011.11.26"]
[SourceVersion "1"]
[SourceVersionDate "2011.11.26"]
[SourceQuality "1"]

1. e4 e5 2. f4 exf4 3. Nf3 d5 4. exd5 Nf6 5. Bb5+ c6 6. dxc6 bxc6 7. Be2 Bd6 8. O-O O-O 9. d4 Ng4 10. c4 f5 11. Nc3 a6 12. Qb3 c5 13. Nd5 Re8 14. Bd3 Ne3 15. Bxe3 fxe3 16. Rae1 Kh8 17. Rxe3 Rxe3 18. Nxe3 cxd4 19. Nxf5 Bxf5 20. Bxf5 Nc6 21. Be4 Rb8 22. Qd1 Qb6 23. b3 Ne5 24. Nxe5 Bxe5 25. Qh5 d3+ 26. Kh1 Qh6 27. Qxe5 d2 28. Qxb8# 1-0

[Event "CYCC U14"]
[Site "Quebec CAN"]
[Date "2008.07.16"]
[Round "5"]
[White "Dawson, Michael"]
[Black "Wang, Jesse BJ"]
[Result "0-1"]
[WhiteElo "1596"]
[BlackElo "1960"]
[PlyCount "140"]
[GameId "2160767910354193"]
[EventDate "2008.07.14"]
[EventType "swiss"]
[EventRounds "7"]
[EventCountry "CAN"]

1. d4 d5 2. c4 c6 3. Nc3 e5 4. cxd5 cxd5 5. dxe5 d4 6. Qa4+ Nc6 7. Nb5 a6 8. Nf3 Bg4 9. Nbxd4 Bb4+ 10. Bd2 Bxd2+ 11. Kxd2 b5 12. Qc2 Bxf3 13. exf3 Nxd4 14. Qd3 Ne7 15. Rd1 Rc8 16. Be2 Rc2+ 17. Ke1 Rxe2+ 18. Kf1 O-O 19. Qxe2 Nxe2 20. Rxd8 Rxd8 21. Kxe2 Nc6 22. f4 Nb4 23. a3 Nd3 24. g3 Nxb2 25. Rc1 Nc4 26. a4 Kf8 27. axb5 axb5 28. h3 Rd2+ 29. Ke1 Rb2 30. Kf1 Nd2+ 31. Kg2 b4 32. f5 Ne4 33. Rc8+ Ke7 34. Rc7+ Ke8 35. Ra7 Rxf2+ 36. Kg1 Rxf5 37. Rb7 Nxg3 38. Rxb4 Rxe5 39. Rg4 Nf5 40. Kf2 h5 41. Rg5 g6 42. h4 Re4 43. Rg1 Ke7 44. Rb1 Rxh4 45. Rb7+ Kf6 46. Rb6+ Kg5 47. Rb5 Rf4+ 48. Kg2 Kg4 49. Rb3 Nh4+ 50. Kh2 Nf3+ 51. Kg2 h4 52. Rb1 h3+ 53. Kh1 Re4 54. Rb4 Nd2 55. Rxe4+ Nxe4 56. Kh2 f5 57. Kh1 f4 58. Kh2 f3 59. Kh1 f2 60. Kh2 f1=B 61. Kh1 Bg2+ 62. Kg1 Kf4 63. Kh2 Ke3 64. Kg1 Kf3 65. Kh2 Nd2 66. Kg1 g5 67. Kh2 g4 68. Kg1 Nb1 69. Kh2 g3+ 70. Kg1 h2# 0-1

[Event "CYCC U14"]
[Site "Quebec CAN"]
[Date "2008.07.16"]
[Round "5"]
[White "Gladstone, Simon"]
[Black "Zhang, David"]
[Result "1/2-1/2"]
[WhiteElo "1733"]
[BlackElo "1811"]
[PlyCount "72"]
[GameId "2160767910354194"]
[EventDate "2008.07.14"]
[EventType "swiss"]
[EventRounds "7"]
[EventCountry "CAN"]
[SourceTitle "EXT 2011"]
[Source "ChessBase"]
[SourceDate "2011.11.26"]
[SourceVersion "1"]
[SourceVersionDate "2011.11.26"]
[SourceQuality "1"]

1. e4 e5 2. Nf3 Nc6 3. Nc3 Nf6 4. d4 exd4 5. Nxd4 d6 6. Bb5 Bd7 7. O-O Be7 8. Be3 O-O 9. f4 Nxd4 10. Qxd4 Bxb5 11. Nxb5 Ng4 12. e5 Nxe3 13. Qxe3 Qd7 14. Nc3 Rfe8 15. Rad1 Qc6 16. e6 fxe6 17. Qxe6+ Kh8 18. Rf3 Qb6+ 19. Kh1 Bf6 20. Qf5 Bxc3 21. Rxc3 Re2 22. Rh3 h6 23. Rf1 Qf2 24. Rxh6+ gxh6 25. Qf6+ Kg8 26. Qg6+ Kf8 27. Qf6+ Ke8 28. Qg6+ Ke7 29. Qg7+ Ke6 30. Qg6+ Ke7 31. Qg7+ Ke8 32. Qg8+ Kd7 33. Qf7+ Kd8 34. Qf8+ Kd7 35. Qf7+ Kd8 36. Qf8+ Kd7 1/2-1/2

[Event "CYCC U14"]
[Site "Quebec CAN"]
[Date "2008.07.16"]
[Round "5"]
[White "Inigo, Aquino"]
[Black "Prysiazny, Michael"]
[Result "0-1"]
[Annotator "Brodie,Hugh"]
[WhiteElo "2045"]
[BlackElo "1719"]
[PlyCount "34"]
[GameId "2160767739706447"]
[EventDate "2008.07.14"]
[EventType "swiss"]
[EventRounds "7"]
[EventCountry "CAN"]

1. e4 e6 2. d4 d5 3. Nc3 Bb4 4. Bd2 dxe4 5. Qg4 Nf6 6. Qxg7 Rg8 7. Qh6 Rg6 8. Qe3 Nc6 9. a3 Nxd4 10. O-O-O Nf5 11. Qe1 Bxc3 12. Bxc3 Nd6 13. Be5 Rg5 14. Qc3 Nd5 15. Rxd5 Rf5 16. Rd2 Qg5 17. f4 Qg6 {etc.} 0-1

[Event "CYCC U14"]
[Site "Quebec CAN"]
[Date "2008.07.16"]
[Round "5"]
[White "Keith-Jacques, Liam"]
[Black "Xiong, Jerry"]
[Result "0-1"]
[WhiteElo "2040"]
[BlackElo "2205"]
[PlyCount "52"]
[GameId "2160767910354195"]
[EventDate "2008.07.14"]
[EventType "swiss"]
[EventRounds "7"]
[EventCountry "CAN"]
[SourceTitle "EXT 2011"]
[Source "ChessBase"]
[SourceDate "2011.11.26"]
[SourceVersion "1"]
[SourceVersionDate "2011.11.26"]
[SourceQuality "1"]

1. e4 c5 2. Nf3 d6 3. d4 cxd4 4. Nxd4 Nf6 5. Nc3 g6 6. Be3 Bg7 7. f3 O-O 8. Qd2 Nc6 9. O-O-O Nxd4 10. Bxd4 Be6 11. h4 Qa5 12. Kb1 Rfc8 13. g4 Rxc3 14. Qxc3 Qxa2+ 15. Kc1 Nxe4 16. fxe4 Bxg4 17. Bxg7 Qa1+ 18. Kd2 Qxd1+ 19. Ke3 Qf3+ 20. Kd2 Qxh1 21. Bh6 e5 22. Bc4 Qd1+ 23. Ke3 Qc1+ 24. Kf2 Qxh6 25. Qa3 Qxh4+ 26. Kf1 Qh3+ 0-1

[Event "CYCC U14"]
[Site "Quebec CAN"]
[Date "2008.07.16"]
[Round "5"]
[White "Kieu, Marc-Andre"]
[Black "Cheng, Jack"]
[Result "0-1"]
[WhiteElo "1524"]
[BlackElo "2031"]
[PlyCount "202"]
[GameId "2160767910354196"]
[EventDate "2008.07.14"]
[EventType "swiss"]
[EventRounds "7"]
[EventCountry "CAN"]
[SourceTitle "EXT 2011"]
[Source "ChessBase"]
[SourceDate "2011.11.26"]
[SourceVersion "1"]
[SourceVersionDate "2011.11.26"]
[SourceQuality "1"]

1. e4 e5 2. Nf3 Nc6 3. d4 exd4 4. Bc4 Nf6 5. e5 d5 6. Bb5 Ne4 7. Nxd4 Bd7 8. Bxc6 bxc6 9. O-O Bc5 10. f3 Ng5 11. f4 Ne4 12. Be3 Bb6 13. Nc3 Nxc3 14. bxc3 O-O 15. Qd2 c5 16. Nb3 c4 17. Nd4 c5 18. Ne2 Bc6 19. Rad1 Qe7 20. Ng3 f5 21. Qf2 Rad8 22. Ne2 Rd7 23. Rd2 Rfd8 24. h3 h5 25. h4 g6 26. Qg3 Kh7 27. Rfd1 Bb7 28. Qf2 Rc8 29. Rb1 Qe6 30. Kh2 Qc6 31. Ng1 Ba5 32. Ne2 d4 33. cxd4 Bxd2 34. Bxd2 cxd4 35. Nxd4 Qxg2+ 36. Qxg2 Bxg2 37. Kxg2 Rxd4 38. Rb7+ Kg8 39. Be3 Re4 40. Kf3 a5 41. Rb6 Kf7 42. Rf6+ Kg7 43. Ra6 Rb8 44. Rxa5 Rb1 45. Ra7+ Kg8 46. Ra8+ Kf7 47. Ra7+ Ke8 48. Ra8+ Kd7 49. Ra7+ Kc8 50. Ra8+ Kb7 51. Ra7+ Kb8 52. Ra3 Rh1 53. Kg3 Re1 54. Kf2 Rh1 55. Kg3 Ra1 56. Kf2 Rb1 57. Kf3 Rb2 58. c3 Rh2 59. Bf2 Rh3+ 60. Bg3 g5 61. fxg5 Rg4 62. e6+ Rgxg3+ 63. Kf4 Re3 64. Kxf5 Rhf3+ 65. Kg6 Rxe6+ 66. Kxh5 Rf4 67. Ra5 Ree4 68. Kg6 Rxh4 69. Kf7 Rhf4+ 70. Kg7 Re7+ 71. Kh6 Rh4+ 72. Kg6 Rhh7 73. Kf6 Ref7+ 74. Ke6 Rhg7 75. g6 Rf2 76. Rg5 Kb7 77. Rg4 Rf3 78. a4 Kb6 79. Rxc4 Rxg6+ 80. Ke5 Rgg3 81. Rb4+ Kc5 82. Rb8 Re3+ 83. Kf4 Rgf3+ 84. Kg4 Rxc3 85. Rc8+ Kb4 86. Rb8+ Kxa4 87. Rb7 Rf8 88. Rb1 Rc7 89. Kg5 Rg7+ 90. Kh6 Rg2 91. Kh7 Rf4 92. Rh1 Kb4 93. Rh5 Kc4 94. Kh6 Kd4 95. Kh7 Ke4 96. Kh6 Kf3 97. Rh3+ Rg3 98. Rh2 Rf6+ 99. Kh7 Rfg6 100. Rh4 R3g4 101. Rh2 Rg1 0-1

[Event "CYCC U14"]
[Site "Quebec CAN"]
[Date "2008.07.16"]
[Round "5"]
[White "Marinkovic, Mate"]
[Black "Kleinman, Michael"]
[Result "0-1"]
[WhiteElo "1972"]
[BlackElo "2012"]
[PlyCount "68"]
[GameId "2160767910354197"]
[EventDate "2008.07.14"]
[EventType "swiss"]
[EventRounds "7"]
[EventCountry "CAN"]
[SourceTitle "EXT 2011"]
[Source "ChessBase"]
[SourceDate "2011.11.26"]
[SourceVersion "1"]
[SourceVersionDate "2011.11.26"]
[SourceQuality "1"]

1. e4 c5 2. Nc3 d6 3. g3 g6 4. Bg2 Bg7 5. d3 Nc6 6. Be3 e5 7. Qd2 Be6 8. f4 Nd4 9. Nce2 Ne7 10. c3 Nxe2 11. Nxe2 Rc8 12. O-O O-O 13. d4 Bc4 14. fxe5 cxd4 15. cxd4 dxe5 16. d5 Qd6 17. b3 Bb5 18. Rfd1 b6 19. Nc3 Bd7 20. h3 f5 21. Bg5 Bf6 22. Bxf6 Rxf6 23. Kh2 f4 24. gxf4 Rxf4 25. Rf1 Rcf8 26. Rxf4 Rxf4 27. Rf1 Rxf1 28. Bxf1 Kg7 29. Qd3 g5 30. Qa6 Qc5 31. Qxa7 Qf2+ 32. Bg2 Bxh3 33. Qxe7+ Kh6 34. Qd6+ Kh5 0-1

[Event "CYCC U14"]
[Site "Quebec CAN"]
[Date "2008.07.16"]
[Round "5"]
[White "Michaelis, Nathaniel"]
[Black "Parker, Dylan"]
[Result "1-0"]
[WhiteElo "1471"]
[BlackElo "1512"]
[PlyCount "133"]
[GameId "2160767910354198"]
[EventDate "2008.07.14"]
[EventType "swiss"]
[EventRounds "7"]
[EventCountry "CAN"]
[SourceTitle "EXT 2011"]
[Source "ChessBase"]
[SourceDate "2011.11.26"]
[SourceVersion "1"]
[SourceVersionDate "2011.11.26"]
[SourceQuality "1"]

1. e4 e5 2. Nf3 Nc6 3. Bb5 a6 4. Ba4 d6 5. d4 b5 6. Bb3 Nf6 7. Be3 Na5 8. dxe5 Nxb3 9. cxb3 Nxe4 10. Qd5 Bf5 11. Qc6+ Ke7 12. exd6+ Nxd6 13. Bc5 Bd7 14. Qe4+ Be6 15. Nd4 Ke8 16. Bxd6 Bxd6 17. Nxe6 fxe6 18. Qxe6+ Qe7 19. Qxe7+ Kxe7 20. O-O Kf6 21. Nc3 Rhe8 22. g3 Rad8 23. Rfe1 Be5 24. Rad1 b4 25. Nd5+ Kf7 26. Nxb4 a5 27. Nc6 Rxd1 28. Nxe5+ Rxe5 29. Rxd1 Ke7 30. Kf1 Rc5 31. Rd3 Rc1+ 32. Kg2 Rc2 33. Rc3 Rxb2 34. Rxc7+ Kf6 35. Rc6+ Kf7 36. a4 Rxb3 37. Ra6 Ra3 38. Rxa5 Kf6 39. Kh3 h6 40. f4 Ra2 41. g4 Ra3+ 42. Kh4 Ra2 43. Ra6+ Kf7 44. h3 Ra3 45. g5 h5 46. f5 Kf8 47. Ra7 Kg8 48. a5 Kf8 49. a6 Ra5 50. Ra8+ Kf7 51. a7 g6 52. fxg6+ Kg7 53. Kxh5 Ra3 54. Kg4 Ra4+ 55. Kf5 Ra5+ 56. Ke6 Ra6+ 57. Kd7 Ra1 58. Kc6 Rc1+ 59. Kb5 Rb1+ 60. Ka4 Ra1+ 61. Kb3 Ra6 62. Kb4 Ra1 63. h4 Rb1+ 64. Ka3 Ra1+ 65. Kb2 Ra6 66. h5 Rb6+ 67. Ka3 1-0

[Event "CYCC U14"]
[Site "Quebec CAN"]
[Date "2008.07.16"]
[Round "5"]
[White "Nadeau, Emmanuel"]
[Black "Sapozhnikov, Roman"]
[Result "1/2-1/2"]
[WhiteElo "1757"]
[BlackElo "2180"]
[PlyCount "113"]
[GameId "2160767910354199"]
[EventDate "2008.07.14"]
[EventType "swiss"]
[EventRounds "7"]
[EventCountry "CAN"]
[SourceTitle "EXT 2011"]
[Source "ChessBase"]
[SourceDate "2011.11.26"]
[SourceVersion "1"]
[SourceVersionDate "2011.11.26"]
[SourceQuality "1"]

1. e4 c5 2. Nf3 Nc6 3. d4 cxd4 4. Nxd4 e6 5. Nc3 Nf6 6. Be3 Bb4 7. Bd3 d5 8. Nxc6 bxc6 9. e5 d4 10. Bd2 dxc3 11. bxc3 Be7 12. exf6 Bxf6 13. O-O O-O 14. Qh5 g6 15. Qf3 Bd7 16. Rfd1 Qe7 17. Be4 Bg7 18. a4 Rfc8 19. Rab1 f5 20. Bd3 Rab8 21. Ba6 Rd8 22. h3 e5 23. Bg5 Qxg5 24. Rxb8 Rxb8 25. Rxd7 Rb1+ 26. Rd1 Rxd1+ 27. Qxd1 Qe7 28. Qd3 Qc5 29. Qd7 h5 30. g4 hxg4 31. hxg4 e4 32. gxf5 gxf5 33. Qe8+ Bf8 34. Qg6+ Kh8 35. Qf7 f4 36. Qxf4 Bd6 37. Qxe4 Qg5+ 38. Kf1 Qc1+ 39. Qe1 Qh6 40. Qe8+ Kg7 41. Bd3 Qh3+ 42. Ke1 Qh6 43. Qd7+ Kh8 44. Qf7 Qh1+ 45. Ke2 Qh6 46. Qg6 Qh2 47. Qf6+ Kg8 48. Bc4+ Kh7 49. Qf7+ Kh6 50. Bd3 Qh5+ 51. Qxh5+ Kxh5 52. a5 Be5 53. c4 Bd4 54. f4 Kg4 55. f5 Kf4 56. Ke1 Bc3+ 57. Kd1 1/2-1/2

[Event "CYCC U14"]
[Site "Quebec CAN"]
[Date "2008.07.16"]
[Round "5"]
[White "Seguin, Ryan"]
[Black "Li, Ruokai (David)"]
[Result "0-1"]
[WhiteElo "1386"]
[BlackElo "1767"]
[PlyCount "32"]
[GameId "2160767910354200"]
[EventDate "2008.07.14"]
[EventType "swiss"]
[EventRounds "7"]
[EventCountry "CAN"]

1. e4 c5 2. Nf3 d6 3. d4 cxd4 4. Nxd4 Nf6 5. Nc3 g6 6. Be3 Bg7 7. Qd2 Ng4 8. h3 Nxe3 9. Qxe3 O-O 10. g4 Nc6 11. Nxc6 bxc6 12. Be2 Qa5 13. Rd1 Rb8 14. Bd3 Rxb2 15. f4 Bxc3+ 16. Kf2 c5 0-1

[Event "CYCC U14"]
[Site "Quebec CAN"]
[Date "2008.07.16"]
[Round "6"]
[White "Inigo, Aquino"]
[Black "Gladstone, Simon"]
[Result "0-1"]
[WhiteElo "2045"]
[BlackElo "1733"]
[PlyCount "88"]
[GameId "2160767910354202"]
[EventDate "2008.07.14"]
[EventType "swiss"]
[EventRounds "7"]
[EventCountry "CAN"]
[SourceTitle "EXT 2011"]
[Source "ChessBase"]
[SourceDate "2011.11.26"]
[SourceVersion "1"]
[SourceVersionDate "2011.11.26"]
[SourceQuality "1"]

1. d4 e6 2. c4 Nf6 3. Nf3 Bb4+ 4. Bd2 Qe7 5. Nc3 O-O 6. e3 d6 7. a3 Bxc3 8. Bxc3 b6 9. Be2 Nbd7 10. O-O Bb7 11. Nd2 c5 12. Bf3 Bxf3 13. Nxf3 Ne4 14. Qc2 f5 15. Nd2 Nxd2 16. Qxd2 Qg5 17. dxc5 Nxc5 18. Qxd6 Rad8 19. Qe5 Qg6 20. Rad1 Nd3 21. Qg3 Qxg3 22. hxg3 e5 23. f3 e4 24. fxe4 fxe4 25. Rxf8+ Rxf8 26. Bd4 Rf5 27. b4 Rg5 28. Rf1 Rxg3 29. Rf5 Rg6 30. Kf1 Rc6 31. c5 bxc5 32. bxc5 g6 33. Rf6 Rxf6+ 34. Bxf6 Kf7 35. c6 Ke6 36. Bd4 a6 37. Bb6 Kd6 38. c7 Kd7 39. a4 Nb4 40. Kf2 Nd5 41. a5 h5 42. g4 hxg4 43. Kg3 Nxb6 44. axb6 a5 0-1

[Event "CYCC U14"]
[Site "Quebec CAN"]
[Date "2008.07.16"]
[Round "6"]
[White "Kleinman, Michael"]
[Black "Kieu, Marc-Andre"]
[Result "1/2-1/2"]
[WhiteElo "2012"]
[BlackElo "1524"]
[PlyCount "63"]
[GameId "2160767910354203"]
[EventDate "2008.07.14"]
[EventType "swiss"]
[EventRounds "7"]
[EventCountry "CAN"]
[SourceTitle "EXT 2011"]
[Source "ChessBase"]
[SourceDate "2011.11.26"]
[SourceVersion "1"]
[SourceVersionDate "2011.11.26"]
[SourceQuality "1"]

1. e4 e5 2. Nf3 Nc6 3. Bc4 Nf6 4. Ng5 d5 5. exd5 Na5 6. Bb5+ c6 7. dxc6 bxc6 8. Qf3 Bb7 9. Ba4 h6 10. Ne4 Nc4 11. Nbc3 Nb6 12. Bb3 Be7 13. Nxf6+ Bxf6 14. Ne4 Nd5 15. Nc5 Qe7 16. Nxb7 Qxb7 17. d3 Rd8 18. O-O O-O 19. Re1 Rfe8 20. Bd2 Re6 21. Re4 Kh7 22. Rae1 Rde8 23. h4 g6 24. Qh3 Bg7 25. g4 R6e7 26. g5 h5 27. Qf3 f5 28. gxf6 Nxf6 29. Rc4 e4 30. dxe4 Ng4 31. Rb4 Qc7 32. Bf4 1/2-1/2

[Event "CYCC U14"]
[Site "Quebec CAN"]
[Date "2008.07.16"]
[Round "6"]
[White "Michaelis, Nathaniel"]
[Black "Cote-Lalumiere, Tristan"]
[Result "0-1"]
[WhiteElo "1471"]
[BlackElo "1724"]
[PlyCount "114"]
[GameId "2160767910354204"]
[EventDate "2008.07.14"]
[EventType "swiss"]
[EventRounds "7"]
[EventCountry "CAN"]
[SourceTitle "EXT 2011"]
[Source "ChessBase"]
[SourceDate "2011.11.26"]
[SourceVersion "1"]
[SourceVersionDate "2011.11.26"]
[SourceQuality "1"]

1. e4 e6 2. d4 d5 3. Nc3 Nf6 4. Bg5 Be7 5. Bxf6 Bxf6 6. e5 Be7 7. Nf3 c5 8. Be2 Nc6 9. O-O cxd4 10. Nxd4 Nxe5 11. Bb5+ Bd7 12. Re1 Nc6 13. Nxc6 Bxc6 14. Qg4 Bf6 15. Bxc6+ bxc6 16. Qb4 Be7 17. Qb7 Qc8 18. Qb3 O-O 19. Qa4 Bf6 20. Re2 Bxc3 21. bxc3 c5 22. Qg4 Qd8 23. Rd1 Qf6 24. c4 Rfd8 25. cxd5 Rxd5 26. Red2 Rxd2 27. Rxd2 Qa1+ 28. Qd1 Qxd1+ 29. Rxd1 Kf8 30. h3 Ke7 31. Kh2 Rb8 32. Rd3 Rb2 33. Rc3 Rxa2 34. Rxc5 a5 35. Rc7+ Ke8 36. Rc8+ Kd7 37. Ra8 Rxc2 38. Rxa5 Rxf2 39. Ra7+ Ke8 40. Ra8+ Ke7 41. Ra7+ Kf6 42. Ra3 g5 43. Rf3+ Rxf3 44. gxf3 Kf5 45. Kg3 h5 46. Kf2 Kf4 47. Kg2 f5 48. Kf2 e5 49. Kg2 g4 50. hxg4 fxg4 51. fxg4 Kxg4 52. Kf2 e4 53. Kg2 h4 54. Kf2 h3 55. Kg1 Kg3 56. Kh1 e3 57. Kg1 e2 0-1

[Event "CYCC U14"]
[Site "Quebec CAN"]
[Date "2008.07.16"]
[Round "6"]
[White "Parker, Dylan"]
[Black "Dawson, Michael"]
[Result "1/2-1/2"]
[WhiteElo "1512"]
[BlackElo "1596"]
[PlyCount "60"]
[GameId "2160767910354205"]
[EventDate "2008.07.14"]
[EventType "swiss"]
[EventRounds "7"]
[EventCountry "CAN"]
[SourceTitle "EXT 2011"]
[Source "ChessBase"]
[SourceDate "2011.11.26"]
[SourceVersion "1"]
[SourceVersionDate "2011.11.26"]
[SourceQuality "1"]

1. e4 e6 2. d4 d5 3. Nc3 Nf6 4. Bg5 Be7 5. e5 Nfd7 6. Bxe7 Qxe7 7. Nf3 c5 8. Qd2 a6 9. Ne2 Nc6 10. c3 Qd8 11. Ng3 Qb6 12. Rc1 Qa5 13. a3 cxd4 14. cxd4 Qxd2+ 15. Kxd2 Na5 16. Rc3 Nb6 17. Kc1 Bd7 18. b3 O-O 19. Kb2 Rfc8 20. Rxc8+ Rxc8 21. Bd3 h6 22. Nd2 Nc6 23. Ne2 Na7 24. Rc1 Nb5 25. Rxc8+ Nxc8 26. f4 Ne7 27. g3 Nc7 28. g4 Bb5 29. Bxb5 Nxb5 30. Nf3 Nc7 1/2-1/2